000 00305nam a2200133Ia 4500
008 240624s9999 xx 000 0 und d
041 _aeng
082 _a823 ALL
100 _aALLEN WOODY
245 _aCOMPLETE PROSE
260 _c1992
_aNew York
_bPicador
300 _a473 : p. : cm ; 20
365 _cRS
999 _c21601
_d21601